A notable discovery of coosnage, 1591 : (Record no. 85062)
[ view plain ]
| 000 -LEADER | |
|---|---|
| fixed length control field | 01104nam a2200301 a 4500 |
| 001 - CONTROL NUMBER | |
| control field | 85062 |
| 003 - CONTROL NUMBER IDENTIFIER | |
| rucl marc code | BD-RjUL |
| 005 - DATE AND TIME OF LATEST TRANSACTION | |
| control field | 20250626103620.0 |
| 008 - FIXED-LENGTH DATA ELEMENTS--GENERAL INFORMATION | |
| fixed length control field | 250626r19661922stkah 000 0 eng |
| 035 ## - SYSTEM CONTROL NUMBER | |
| System control number | (BD-RjUL)85062 |
| 040 ## - CATALOGING SOURCE | |
| Original cataloging agency | DLC |
| Transcribing agency | DLC |
| Modifying agency | DLC |
| -- | BD-RjUL |
| Language of cataloging | eng |
| 041 ## - LANGUAGE CODE | |
| Language code of text/sound track or separate title | eng |
| 082 00 - DEWEY DECIMAL CLASSIFICATION NUMBER | |
| Edition number | 23 |
| Classification number | 823.3 |
| Author mark and year | GRN 1966 |
| 100 1# - MAIN ENTRY--PERSONAL NAME | |
| Personal name | Greene, Robert, |
| Dates associated with a name | 1558-1592. |
| 9 (RLIN) | 15788 |
| 245 12 - TITLE STATEMENT | |
| Title | A notable discovery of coosnage, 1591 : |
| Remainder of title | The second part of conny-catching, 1592 / |
| Statement of responsibility, etc. | Robert Greene ; G. B. Harrison |
| 260 ## - PUBLICATION, DISTRIBUTION, ETC. (IMPRINT) | |
| Place of publication, distribution, etc. | Edinburgh : |
| Name of publisher, distributor, etc. | Edinburgh U.P., |
| Date of publication, distribution, etc. | 1966. |
| 300 ## - PHYSICAL DESCRIPTION | |
| Pagination | 61, 59 p.: |
| Illustrations | illus.; |
| Size | 19 cm. |
| 350 ## - PRICE (NR) (BK AM CF MU VM SE) [OBSOLETE] | |
| Price | unpriced |
| 500 ## - GENERAL NOTE | |
| General note | Includes facsims, of original title pages. |
| General note | Running title: The art of conny-catching. |
| General note | Reprint of the ed. first published in 1923. |
| 650 #0 - SUBJECT ADDED ENTRY--TOPICAL TERM | |
| Topical term or geographic name as entry element | Crime |
| Geographic subdivision | England |
| -- | London |
| Form subdivision | Early works to 1800. |
| 9 (RLIN) | 15789 |
| 651 #0 - SUBJECT ADDED ENTRY--GEOGRAPHIC NAME | |
| Geographic name | London (England) |
| General subdivision | Social life and customs |
| Form subdivision | Early works to 1800. |
| 9 (RLIN) | 15790 |
| 700 ## - ADDED ENTRY--PERSONAL NAME | |
| Personal name | Harrison, G. B. (Editor) |
| 942 ## - ADDED ENTRY ELEMENTS (KOHA) | |
| Source of classification or shelving scheme | Dewey Decimal Classification |
| Koha item type | Books |
| Lost status | Source of classification or shelving scheme | Damaged status | Not for loan | Collection code | Permanent Location | Current Location | Shelving location | Date acquired | Source of acquisition | Cost, normal purchase price | Total Checkouts | Full call number | Date last seen | Copy number | Koha item type |
|---|---|---|---|---|---|---|---|---|---|---|---|---|---|---|---|
| Dewey Decimal Classification | Not For Loan | Fiction | Central Library, University of Rajshahi | Central Library, University of Rajshahi | Reading Room | 24/06/1968 | Swets & Zeitlinger | 21.00 | 823.3 GRN 1966 | 26/06/2025 | C-1 | Books |